Cantos de vida y esperanza

Zapisane w:
Opis bibliograficzny
1. autor: Darío, Rubén
Format: Książka
Język:Undetermined
Wydane: San José, Costa Rica Distribuidora cultural 1984
Hasła przedmiotowe:
Etykiety: Dodaj etykietę
Nie ma etykietki, Dołącz pierwszą etykiete!

MARC

LEADER 00000nam a2200000Ia 4500
008 170316s9999 xx 000 0 und d
040 |a cru BVZT 
090 |a 860 D-3c 
100 |a Darío, Rubén 
245 |a Cantos de vida y esperanza 
260 |a San José, Costa Rica 
260 |b Distribuidora cultural 
260 |c 1984 
300 |a 68 páginas 
650 |a LITERATURA LATINOAMERICANA 
999 |c 8615  |d 8615 
942 |c 15 D  |h 860 D-3c  |2 z